Probabilistic Graphical Models

Gorde:
Xehetasun bibliografikoak
Egile nagusia: Daphne Koller
Formatua: Liburua
Argitaratua: MIT
Gaiak:
ML
Etiketak: Etiketa erantsi
Etiketarik gabe, Izan zaitez lehena erregistro honi etiketa jartzen!

MARC

LEADER 00000nam a2200000Ia 4500
005 20260427112642.0
526 |b Data Science 
100 |a Daphne Koller 
020 |a 9780262013192 
650 |a ML 
526 |a Bachelors 
942 |c BK 
245 |a Probabilistic Graphical Models 
260 |b MIT 
999 |c 14  |d 14 
952 |0 0  |1 0  |4 0  |7 0  |8 2  |a BRISTOL  |b BRISTOL  |d 2026-04-22  |l 0  |p 000076  |r 2026-04-27 11:26:42  |w 2026-04-27  |y BK